000 00566nam a2200169 a 4500
008 120416s1970 ||||||||||||||||| || u
050 _aB 485 All
100 _aAllen, Donald James
245 1 4 _aThe philosophy of Aristotle
250 _a2nd ed.
260 _aLondon
_bOxford University Press
_c1970
300 _aviii, 175p.
350 _a0.00
650 _aPHILOSOPHY
650 _aPHILOSOPHY--ARISTOTLE
995 _D0.00
_FCBU-MAIN LIBRARY (Kitwe)
_H1
_I1.95
_M1
_UAVAILABLE
_ZMain Library Open Access Collection
999 _c53500
_d53500